000 03068cam a22005654i 4500
003 PE-LiUPU
005 20250731165445.0
008 170215s2016 ck 000 0 eng d
020 _a9789587625158
035 _a(Sirsi) i9789587625158
040 _dPE-LiUPU
_erda
049 _aPRUA
082 0 4 _a004.6
_bA71 2016
100 1 _aAriganello, Ernesto,
_eautor.
245 1 0 _aRedes Cisco :
_bGuía de estudio para la certificación CCNP Routing y Switching /
_cErnesto Ariganello, Enrique Barrientos Sevilla.
250 _aTercera edición actualizada.
264 1 _aBogotá :
_bEdiciones de la U,
_c2016.
300 _a887 páginas :
_bilustraciones ;
_c24 centímetros.
336 _atext
_2rdacontent
337 _aunmediated
_2rdamedia
338 _avolume
_2rdacarrier
504 _aIncluye índice.
505 0 _aRouter: Principios de networing -- Fundamientos de enrutamiento -- EIGRP -- OSPF -- BGP -- Redistrubución y selección de rutas -- Conectividad remota -- Seguridad y autenticación -- Servicios -- Switch: Diseño de redes -- Conmutación -- Conmutación multicapa -- Redes virtuales -- Etherchannel -- STP -- Seguridad y control de tráfico -- Redundancia y balanceo de carga -- TSHOOT: Introducción a los procesos de troubleshooting -- Mantenimiento y diagnóstico -- Mejora del rendimiento de los dispositivos -- Troubleshooting en switches catalyst -- Troubleshooting de seguridad -- Troubleshooting y direccionamiento IP -- Troubleshooting de enrutamiento -- Troubleshooting de route MAPS y PBR -- Troubleshooting de redistribución -- Troubleshooting de protocolos y herramientas de gestión -- Troubleshooting de redes a gran escala.
526 _aSEG44
526 _aSEG26
526 _aP151
526 _aP150
526 _aP149
526 _aP146
526 _aP145
526 _aP126
526 _aP125
526 _aP92
526 _aP75
526 _aP74
526 _aP27
526 _aP15
541 _g0014-0001976;
541 _g0001-0042355;
650 4 _aRedes de computadores -- Medidas de seguridad.
650 4 _aSeguridad en computadores.
700 1 _aBarrientos Sevilla, Enrique,
_ecoautor.
910 _armch
_btqv
_crmch
_d20170215
942 _2ddc
_cBOOK
949 _a004.6 A71 2016
_wDEWEY
_c1
_iFJ06853
_lCCODEBUJ1
_mBUJ
_p53.00
_r0
_sY
_tBOOK
_u2017-02-15
_xINGENIERIA
_PP27
_0COMPRA
_o.STAFF. Colección General Juliaca
994 _aC0
_bPEPRU
596 _a1 3
999 _a004.6 A71 2016
_wDEWEY
_c15713
_iFJ06853
_d15713
_e2018-11-22
_f2021-12-27
_g4
_lCCODEBUJ1
_mBUJ
_n2
_p53.00
_q4
_r0
_sY
_tBOOK
_u2017-2-15
_xINGENIERIA
_PP27
_0COMPRA
_o.STAFF. Colección General Juliaca
999 _a004.6 A71 2016
_wDEWEY
_c1
_i78233
_d2019-10-21
_e2019-10-16
_f2021-11-9
_g4
_lCCODEBUL1
_mBUL
_n3
_p63.14
_q3
_r0
_sY
_tBOOK
_u2018-1-19
_xINGENIERIA
_PP27
_0COMPRA
_o.CIRCNOTE. Documento de alto precio.
_o.STAFF. Colección Ingeniería y Arquitectura
980 _81
_gALBERTO SANCHEZ Responsable de Automatización